000 003130000a22001330004500
041 0 _aENG
090 _aAV 0003
100 1 _aAlexander, John W.
245 1 0 _aEducation : A christian view / John W. Alexander
260 _aMadison, Wisconsin, USA : InterVarsity
300 _a35 Pag
001 7739
942 _cBK
999 _c37944
_d37944